00644nam a22001937a 450000500170000001000150001702000270003203500140005903700130007308200150008610000280010124500630012925000070019226000390019927001330023830000210037170000280039270000300042020250801120207.0 aENG-146306 a9789349015784c1195.00 aen-129838 bDBAD/PUB a349.54224 aMulla, Dinshah Fardunji aMULLA Principles of Mahomedan Law/cDinshah Fardunji Mulla a24 aGurgaon, HaryanabLexisNexisc2025 a14th floor, Building no 10, Tower B , DLF Cyber City, Phase II, Gurgaon, Haryana, IndiabGurgaonmhelp.in@lexisnexis.come122002 a495p.c24cm(pbk) aMulla, Dinshah Fardunji aRevised By Mahmood, tahir